000 00606nam a2200229Ia 4500
003 OSt
005 20221006165123.0
006 a|||||r|||| 00| 0
007 ta
008 221006b |||||||| |||| 00| 0 eng d
024 _a7,137
037 _cTextual
040 _aFML
_cFML
_beng
041 _2eng
_aeng
082 _aNR44, 1, J0;N7
100 _aBishan Swaroop Au.
245 0 _aTheory Of Indian Music
260 _aNew Delhi
_bAsian Publications India
_c1997
300 _a233
_ccm.
942 _hNR44, 1, J0;N7
_cTEXL
_2CC
999 _c1119685
_d1119685